• 首页
  • 本馆介绍
  • 公告通知
  • 最新文献
  • 馆藏检索
  • 电子资源
  • 读者导购
  • 参考咨询
  • 我的图书馆
  • 登录
  • 详细信息显示
  • 放入我的书架
  • 预约/预借图书
  • 作者相关作品
  • 分类相关作品
  • 丛书相关作品
  • 出版社相关作品

书目信息

  • 表格格式
  • 工作单格式
  • 卡片格式
题名:
悲情中条山
    
 
作者: 卢兴顺 , 刘波 著
分册:  
出版信息: 北京   长城出版社  2015
页数: 261页
开本: 24cm
丛书名: 中国抗日战争全景画卷丛书
单 册:
中图分类: E297.3
科图分类:
主题词: 晋南战役--史料
电子资源:
ISBN: 978-7-5483-0244-5
000 00962oam2 2200277 45
001 012001004776
005 20140928162350.0
010    @a978-7-5483-0244-5@dCNY48.00
100    @a20151101d2015 em y0chiy50 ea
101 0  @achi
102    @aCN@b110000
105    @aa z 000yy
106    @ar
200 1  @a悲情中条山@9bei qing zhong tiao shan@e中条山会战影像全纪录@f卢兴顺, 刘波著
210    @a北京@c长城出版社@d2015
215    @a261页@c图, 照片@d24cm
225 1  @a中国抗日战争全景画卷丛书@h第三辑@v24
330    @a本书全方位、多视角、全景式地记述了1941年,中国军队在山西范围内的唯一场大规模对日作战——中条山战役的全过程。
461  0 @12001 @a中国抗日战争全景画卷丛书
517 1  @a中条山会战影像全纪录@9zhong tiao shan hui zhan ying xiang quan ji lu
606 0  @a晋南战役@x史料
690    @aE297.3@v5
701  0 @a卢兴顺@9lu xing shun@4著
701  0 @a刘波@9liu bo@4著
801  0 @aCN@b上海新华@c20180901
905    @b1171492-6@dE297.3@e109@f5
    
    悲情中条山:中条山会战影像全纪录/卢兴顺, 刘波著.-北京:长城出版社,2015
    261页:图, 照片;24cm.-(中国抗日战争全景画卷丛书.第三辑;24)
    
    
    ISBN 978-7-5483-0244-5:CNY48.00
    本书全方位、多视角、全景式地记述了1941年,中国军队在山西范围内的唯一场大规模对日作战——中条山战役的全过程。
●
相关链接 在E读中查询图书 在五车中查询图书 在当当中查询图书 在豆瓣中查询图书


正题名:悲情中条山     索取号:E297.3/109         预约/预借

序号 登录号 条形码 馆藏地/架位号 状态 备注
1 1171492   211714929   第一样本阅览室/ [索取号:E297.3/109] 在馆    
2 1171493   211714938   第一借阅区/ [索取号:E297.3/109] 在馆    
3 1171494   211714947   第一借阅区/ [索取号:E297.3/109] 在馆    
4 1171495   211714956   第一借阅区/ [索取号:E297.3/109] 在馆    
5 1171496   211714965   第一借阅区/ [索取号:E297.3/109] 在馆    
唐山师范学院图书馆 欢迎您!
大连网信软件有限公司© 版权所有